|
|
|
|
| LEADER |
00000naa2a2200000 4500 |
| 001 |
234193 |
| 005 |
20260121131243.0 |
| 035 |
|
|
|a (RuTPU)RU\TPU\book\255302
|
| 035 |
|
|
|a RU\TPU\tpu\2245
|
| 090 |
|
|
|a 234193
|
| 100 |
|
|
|a 20130319d1933 k y0rusy50 ca
|
| 101 |
0 |
|
|a rus
|
| 102 |
|
|
|a RU
|
| 200 |
1 |
|
|a Об угленосном пермокарбоне в Чулымо-Енисейском бассейне
|f М. К. Коровин, А.В. Аксарин
|
| 461 |
|
1 |
|0 (RuTPU)RU\TPU\book\76029
|t Вестник Западно-Сибирского геологоразведочного треста
|f Западно-Сибирский геологоразведочный трест (ЗСГРТ)
|d 1932-1933
|
| 463 |
|
0 |
|0 (RuTPU)RU\TPU\book\253038
|t Вып. 2-3
|f гл. ред. В. А. Ветров ; под ред. И. М. Мягкова , М. А. Усова
|v С. 50-55
|d 1933
|
| 610 |
1 |
|
|a геолого-географические науки
|
| 610 |
1 |
|
|a труды учёных ТПУ
|
| 700 |
|
1 |
|a Коровин
|b М. К.
|c российский геолог
|c профессор Томского технологического института
|f 1883-1956
|g Михаил Калинникович
|3 (RuTPU)RU\TPU\pers\13856
|
| 701 |
|
1 |
|a Аксарин
|b А. В.
|c российский ученый-геолог
|c профессор кафедры горючих ископаемых ТПИ
|f 1901-1978
|g Александр Васильевич
|3 (RuTPU)RU\TPU\pers\19758
|
| 801 |
|
0 |
|a RU
|b 63413507
|c 20011210
|g PSBO
|
| 801 |
|
2 |
|a RU
|b 63413507
|c 20150428
|g PSBO
|
| 942 |
|
|
|c BK
|